IFM Opac

Programming Logic for Business (Record no. 15413)

MARC details
000 -LEADER
fixed length control field 00490nam a22001937a 4500
003 - CONTROL NUMBER IDENTIFIER
control field OSt
005 - DATE AND TIME OF LATEST TRANSACTION
control field 20220826124258.0
008 - FIXED-LENGTH DATA ELEMENTS--GENERAL INFORMATION
fixed length control field 220826b |||||||| |||| 00| 0 eng d
020 ## - INTERNATIONAL STANDARD BOOK NUMBER
International Standard Book Number 0070549067
040 ## - CATALOGING SOURCE
Transcribing agency IFM Library
082 ## - DEWEY DECIMAL CLASSIFICATION NUMBER
Classification number 005 ..26 8
100 ## - MAIN ENTRY--PERSONAL NAME
Personal name Saret, Laura
9 (RLIN) 5126
245 ## - TITLE STATEMENT
Title Programming Logic for Business
250 ## - EDITION STATEMENT
Edition statement 3rd ed.
260 ## - PUBLICATION, DISTRIBUTION, ETC.
Place of publication, distribution, etc. New York :
Name of publisher, distributor, etc. McGraw hill,
Date of publication, distribution, etc. 1992
300 ## - PHYSICAL DESCRIPTION
Extent xi, 739p.:
Other physical details iil.; 24cm.
500 ## - GENERAL NOTE
General note Includes Index
942 ## - ADDED ENTRY ELEMENTS (KOHA)
Koha item type Books
Source of classification or shelving scheme Dewey Decimal Classification
Suppress in OPAC No
Holdings
Withdrawn status Lost status Source of classification or shelving scheme Damaged status Not for loan Collection code Home library Current library Shelving location Date acquired Source of acquisition Full call number Barcode Date last seen Price effective from Koha item type
    Dewey Decimal Classification     Non-fiction IFM Main Campus Library IFM Main Campus Library Special Reserve Collection 08/26/2022 Purchase 005 ..26 8 SAR 0000002054 02/16/2016 02/19/2022 Books